Memoria de la práctica profesional en la Escuela Rural Federal Miguel Hidalgo en el poblado de San Miguel Tlazintla, Municipio de Cardonal, Hgo. / (Record no. 38086)
[ view plain ]
| 000 -CABECERA | |
|---|---|
| campo de control de longitud fija | 00956nam a2200217 a 4500 |
| 005 - FECHA Y HORA DE LA ÚLTIMA TRANSACCIÓN | |
| campo de control | 20240924071437.0 |
| 008 - ELEMENTOS DE LONGITUD FIJA--INFORMACIÓN GENERAL | |
| campo de control de longitud fija | 991125s1972 pac 000 0 spa u |
| 035 ## - NÚMERO DE CONTROL DEL SISTEMA | |
| Número de control de sistema | UPN01000038086 |
| 049 ## - COLECCIÓN | |
| Colección | CG |
| 050 #4 - SIGNATURA TOPOGRÁFICA DE LA BIBLIOTECA DEL CONGRESO | |
| Número de clasificación | LB1731 |
| Número de documento/Ítem | B4.5 |
| 100 1# - ASIENTO PRINCIPAL--NOMBRE PERSONAL | |
| Nombre de persona | Beltrán González, Francisca |
| 245 10 - MENCIÓN DE TÍTULO | |
| Título | Memoria de la práctica profesional en la Escuela Rural Federal Miguel Hidalgo en el poblado de San Miguel Tlazintla, Municipio de Cardonal, Hgo. / |
| Mención de responsabilidad, etc. | Francisca Beltrán González. |
| 260 ## - PUBLICACIÓN, DISTRIBUCIÓN, ETC. | |
| Lugar de publicación, distribución, etc. | Pachuca : |
| Nombre del editor, distribuidor, etc. | F. Beltrán González, |
| Fecha de publicación, distribución, etc. | 1972. |
| 300 ## - DESCRIPCIÓN FÍSICA | |
| Extensión | 60 h. : |
| Otras características físicas | gráfs. col., fots. + |
| Material acompañante/anejo | anexos |
| 500 ## - NOTA GENERAL | |
| Nota general | "Centro no. 12" |
| 500 ## - NOTA GENERAL | |
| Nota general | "Generación 1969-1972" |
| 502 ## - NOTA DE TESIS | |
| Nota de tesis | Memoria (Profra. de Educación Primaria) -- Dirección General de Mejoramiento Profesional del Magisterio, 1972 |
| 650 #4 - ASIENTO SECUNDARIO DE MATERIA - TERMINO TEMATICO | |
| Término de materia o nombre geográfico como elemento de entrada | Maestros |
| Subdivisión general | Formación profesional |
| 9 (RLIN) | 804 |
| 710 1# - ASIENTO SECUNDARIO - NOMBRE CORPORATIVO | |
| Nombre de entidad corporativa o nombre de jurisdicción como elemento de entrada | México. |
| Unidad subordinada | Dirección General de Capacitación y Mejoramiento Profesional del Magisterio |
| 9 (RLIN) | 28116 |
| 905 ## - TIPO DE MATERIAL | |
| Tipo de material | Libro |
| Estado de retiro | Estado de pérdida | Fuente del sistema de clasificación o colocación | Estado dañado | No para préstamo | Código de colección | Localización permanente | Ubicación/localización actual | Ubicación en estantería | Total de préstamos | Clasificación | Código de barras | Fecha visto por última vez | Número de copia | Tipo de ítem Koha |
|---|---|---|---|---|---|---|---|---|---|---|---|---|---|---|
| Library of Congress Classification | Colección General | Bib. Gregorio Torres Quintero | Bib. Gregorio Torres Quintero | Planta baja | LB1731 B4.5 | 51828 | 31/12/2020 | 1 | Libro |
